Teaching critical thinking. Practical wisdom.

Збережено в:
Бібліографічні деталі
Автор: Hooks, Bell (Автор)
Формат: Невідомо
Мова:Англійська
Опубліковано: New York, USA: Routledge Taylor & Francis Group, 2010.
Серія:Bell Hooks the teaching trilogy.
Предмети:
Теги: Додати тег
Немає тегів, Будьте першим, хто поставить тег для цього запису!

MARC

LEADER 00000 a2200000 4500
003 CL-VaPUC
005 20220704125502.0
008 220614b ||||| |||| 00| 0 eng d
999 |c 436030  |d 436028 
020 |a 9780415968201 
040 |c Pontificia Universidad Católica de Valparaíso 
082 7 |a 370.152 HOO 2009  |2 22 
100 |a Hooks, Bell  |9 870689  |e author 
245 |a Teaching critical thinking.  |b Practical wisdom. 
260 |a New York, USA:  |b Routledge Taylor & Francis Group,   |c 2010. 
300 |a 191 páginas.  
490 |a Bell Hooks the teaching trilogy. 
583 |k Cristina María Rojas Aguilar  |c 20220614 
650 |a Enseñanza  |9 256457 
650 |a Pensamiento crítico  |9 455560 
650 |a Democracia  |9 255256 
942 |2 ddc  |c BK 
952 |0 0  |1 0  |2 ddc  |4 0  |6 370_152000000000000_HOO_2009  |7 0  |8 A  |9 583711  |a BIBEDU  |b BIBEDU  |c GEN  |d 2022-06-14  |e 3  |g 42731.00  |i 5651840  |o 370.152 HOO 2009  |p 5651840  |r 2022-06-14  |t 1  |v 42731.00  |w 2022-06-14  |y BK  |k LIT